000
00333nam a22001457a 4500
008
210310b ||||| |||| 00| 0 eng d
020
_a
9780073371856
041
_a
eng
080
_2
2nd
_a
371
082
_a
371
100
_a
46
101
_a
EDU
245
_a
Exploring Writing Paragraphs and Essays
_c
Langan,J
942
_2
udc
_c
BK
999
_c
56157
_d
56157